000 01080cab a2200313 4500
001 ABS57371
008 090401t1997 xxu||||| |||| 00| 0 eng d
035 _a(Sirsi) u79983
041 _aeng
100 _aMcLellan, A.
245 _aMagical mystery tour
260 _c1997
350 _a0
490 _aNCE/NB CONTRACTORS FILE
_v24/31 July 1997, 4-8(4)
520 _aPresents findings from the 1997 NCE Contractors File that finds little optimism amongst civil engineering firms for an increase in workload in the coming year. Lists top financial performance, best engineers and builders, staffing levels, negogiated work, top specialists, and overseas success.
650 _aCIVIL ENGINEERING FIRMS
650 _aCIVIL ENGINEERING
650 _aEMPLOYEES
650 _aFINANCIAL PERFORMANCE
650 _aLEAGUE TABLES
650 _aOVERSEAS WORK
650 _aProcurement-old
650 _aRANKINGS
650 _aSTAFFING
650 _aWORKLOAD
690 _aMANAGEMENT-BUSINESS MANAGEMENT-PROFESSIONAL PRACTICE
942 _n0
948 _c29/07/1997
999 _c50336
_d50336